000 00542nam a2200217Ia 4500
003 OSt
005 20220928143043.0
006 a|||||r|||| 00| 0
007 ta
008 220927b |||||||| |||| 00| 0 eng d
024 _a20780
037 _cTextual
040 _aSDCL
_cSDCL
_beng
041 _2eng
_aeng
082 _aW691y7M18, L5
100 _aTimpanaro Sebastiano
_9504402
245 0 _aOn materialism
260 _c1975
942 _hW691y7M18, L5
_cTEXL
_2CC
999 _c822878
_d822878